=LDR 00000nam 2200000 4500 =001 INLIS000000000048374 =005 20161026103839.0 =006 =007 =008 =020 ##$$a 979-420-489-7 =035 ##$$0010-101600000000132 =040 ##$$a NBPDMAT =082 ##$$a 540.104 07 =090 ##$$a 540.104 07$bHar k =100 ##$$a Hardjono Sastroharridjojo =245 ##$$a Kimia dasar $c Hardjono Sastrohamidjojo =250 ##$$a cet. 2 =260 ##$$a Yogyakarta $b UGM Pres $c 2012 =300 ##$$a x, 315 hlm. : $b ilus. ; $c 21 cm =500 ##$$a Biblliografi hlm : 313 =650 ##$$a Kimia Dasar - Study Dan Pengajaran =850 ##$$a NBPDMAT =990 ##$$a 51600157 =990 ##$$a 33603360 =990 ##$$a 1202003360 =990 ##$$a 51600157